=LDR 00000nam 2200000 4500 =001 INLIS000000000058412 =005 20210921105248 =035 ##$$a 0010-0921000216 =007 ta =008 210921###########################0#ind## =020 ##$$a 978-602-6610-77-5 =082 ##$$a 297 =084 ##$$a 297 Imd i =245 1#$$a Islam nusantara islam indonesia : $b Ijtihad kemaslahatan bangsa /$c M.Imdadun rahmat =250 ##$$a cet 1 =300 ##$$a xx, 150 halaman ; $c 21cm =650 #4$$a Islam =264 ##$$a yogyakarta :$b LKiS,$c 2018 =336 ##$$a teks$2 rdacontent =337 ##$$a lain-lain$2 rdamedia =338 ##$$a lain-lain$2 rdacarrier =990 ##$$a 10711071 =990 ##$$a 10711071